|
|
|
|
| LEADER |
00000nas a22000001a 4500 |
| 001 |
vtls010301324 |
| 003 |
SK-MaSNL |
| 005 |
20260228161935.0 |
| 008 |
110810d19471948xo mr p r 0 b0slo |
| 015 |
|
|
|a SNBDS17XX9999
|
| 015 |
|
|
|a 0407
|2 Balúnová 1945-60
|
| 038 |
|
|
|a SNKBUDS
|
| 040 |
|
|
|a SNK
|b slo
|c SNK
|e AACR2
|
| 041 |
0 |
|
|a slo
|
| 044 |
|
|
|a xo
|c SK
|
| 080 |
|
|
|a 796
|2 2001
|
| 245 |
0 |
0 |
|a Hlásnik bratislavského sokolstva
|
| 260 |
|
|
|a Bratislava
|b Telovýchovná jednota Sokol v Bratislave I.
|c 1947-1948
|
| 300 |
|
|
|a 2 roč.
|c 15 x 21 cm
|
| 310 |
|
|
|a 1x mesačne
|
| 362 |
0 |
|
|a Roč. X, č. 1 (okt. 1947)-roč. XI, č. 6 (jún 1948)
|
| 500 |
|
|
|a Vych. v Bratislave mesačne
|
| 500 |
|
|
|a Zodp. zást. čas. Juraj Haluzický
|
| 500 |
|
|
|a Vyd. Telovýchovná jednota Sokol v Bratislave I.
|
| 500 |
|
|
|a Tlač. Universum v Bratislave
|
| 500 |
|
|
|a Vych. od okt. 1947; nadviazal na IX. roč. (1938) čas. Hlásnik Sokola Bratislava I. V rokoch 1939-1946 nevychádzal. Posl. č. 6/XI (jún 1948)
|
| 505 |
8 |
0 |
|g Roč. X. 1947 3 č. po 12-16 s.
|
| 505 |
8 |
0 |
|g Roč. XI. 1948 6 č. po 12-20 s.
|
| 520 |
|
|
|a Informačný orgán bratislavského sokolstva
|
| 610 |
2 |
7 |
|a TJ Sokol (Bratislava, Slovensko)
|2 SNKBUDS
|9 270028
|
| 650 |
0 |
7 |
|a telovýchova
|2 SNKPH
|9 1044
|
| 650 |
0 |
7 |
|a šport
|2 SNKPH
|9 1042
|
| 655 |
|
7 |
|a telovýchovné a športové časopisy
|2 SNKBUDS
|9 269722
|
| 700 |
1 |
|
|a Haluzický, Juraj
|4 pbd
|9 270029
|
| 710 |
2 |
|
|a TJ Sokol (Bratislava, Slovensko)
|4 pbl
|9 270028
|
| 710 |
2 |
|
|a Universum (Bratislava, Slovensko)
|e tlač.
|9 266081
|
| 780 |
0 |
0 |
|t Hlásnik Sokola Bratislava I.
|
| 852 |
|
|
|a SNK
|b 10000
|h ČSC 459
|
| 852 |
|
|
|a UKB
|b 300000
|h SB 753
|
| 852 |
|
|
|a UKB
|b 300000
|h XX E 1031
|
| 852 |
|
|
|a SVKKK
|b 900000
|h A 9
|
| 999 |
|
|
|c 6213
|d 8143
|